000 00767nam a2200229Ia 4500
003 GCL
008 140319s9999 xx 000 0 ara d
020 _a3615274977
040 _aGCL /
_cGCL
082 0 4 _a810.90358
_bج ا
100 1 _aجابر قميحة
245 1 0 _aادبيات الاقصى والدم الفلسطينى /
_cجابر قميحة
250 _aالاولى
260 _aالقاهرة :
_bمركز الاعلام العربى ،
_c2001
300 _a167 ص ؛
_c20 سم
490 _aكتاب القدس
_v3
650 0 4 _aالشعر السياسى
650 0 4 _aالشعر العربى - فلسطين
650 0 4 _aالمقالات العربية - فلسطين
650 0 4 _aالادب العربى السياسى
942 _2ddc
_cBK
999 _c8890
_d8890